Theory of organization development and change (Record no. 1307109)

MARC details
000 -LEADER
fixed length control field 00597nam a2200205Ia 4500
005 - DATE AND TIME OF LATEST TRANSACTION
control field 20250326145313.0
008 - FIXED-LENGTH DATA ELEMENTS--GENERAL INFORMATION
fixed length control field 250326s9999 xx 000 0 und d
037 ## - SOURCE OF ACQUISITION
Stock number Textbook
040 ## - CATALOGING SOURCE
Original cataloging agency FMSL
Language of cataloging eng
Transcribing agency FMSL
041 ## - LANGUAGE CODE
Language code of text/sound track or separate title eng
Source of code eng
084 ## - COLON CLASSIFICATION NUMBER
Classification number X:892B P9
Assigning agency FMSL
100 ## - MAIN ENTRY--PERSONAL NAME
Personal name Cummings T G
9 (RLIN) 741233
245 #0 - TITLE STATEMENT
Title Theory of organization development and change
Statement of responsibility, etc. Cummings T G; Worley C G
250 ## - EDITION STATEMENT
Edition statement 9
260 ## - PUBLICATION, DISTRIBUTION, ETC.
Place of publication, distribution, etc. New Delhi
Name of publisher, distributor, etc. New Delhi, Cengage Learning
Date of publication, distribution, etc. 2012
365 ## - TRADE PRICE
Price amount 424.14999999999998
650 ## - SUBJECT ADDED ENTRY--TOPICAL TERM
Topical term or geographic name entry element Management
942 ## - ADDED ENTRY ELEMENTS (KOHA)
Koha item type Textbook
Classification part X:892B P9
Holdings
Withdrawn status Lost status Damaged status Not for loan Home library Current library Date acquired Source of acquisition Cost, normal purchase price Total Checkouts Full call number Barcode Date last seen Price effective from Koha item type
        Faculty of Management Library Faculty of Management Library 2025-03-26 Index International 424.15   X:892B P9 ML1490907 2025-03-26 2025-03-26 Textbook
Copyright @ Delhi University Library System